000 00762nam a22002417a 4500
003 LK-CoMWRAF
005 20231207111454.0
008 230830b2003 |||||||| |||| 00| 0 eng d
020 _a9068328395
022 _a09227911
040 _aLK-CoMWRAF
_dLK-CoMWRAF
_eLK-CoMWRAF
041 _aeng
082 _a615.321 BEL
100 _aBelt. John
245 _aCultivating a healthy enterprise:
_bdeveloping a sustainable medicinal plant chain in Uttaranchal-India
260 _aAmsterdam:
_bKIT
_c2003
300 _a56 p. : ill. (chiefly col.), 1 map, col. ports. ; 25 cm.
_bBibliography included
490 _aBulletin
_v350
650 _a Medicinal plants -- India -- Uttaranchal
700 _aLengkek, Ard
700 _avan der Zant, Jeroen
942 _cBK
999 _c3313
_d3313